00360nam a2200109Ia 4500008004100000082000800041100001800049245006500067942000600132952009700138999001500235240331s9999 xx 000 0 und d bSUN aSundarayya, S 0aVeerat telangana ayuthap poraddankalum athan paddipanaikalum cL 001040708LaWERCLbWERCLcSSCd2024-03-31l0o 322.2 SUNp1646r2024-03-31w2024-03-31yL c2362d2362